00801cam a22002417a 4500003000500000005001700005008004100022010001000063011001000073035001000083040000900093082002100102111007200123245001600195260004400211300001100255650002700266650002600293710003700319711004100356711008000397711008200477CHAP20220329141504.0971013s1987 r 10010 d a68945 a69917 a79395 cCHAP a580.63bC6r 198700aCongreso Mexicano de Botánica (n10d: 1987c: Guadalajara, Jal.) 0aResúmenes aGuadalajara, Jal. :bLa Sociedad,c1987 a400 p.14aBotánicaxCongresos.14aBotánicazMéxico.0 aSociedad Botánica de México.0 aAsamblea Anual de Flora de México.0 aReunión Nacional de Encargados de Herbario (5 : 1987 : Guadalajara, Jal.)0 aSimposio Nacional sobre Cactáceas y Suculentas (1: 1987: Guadalajara, Jal.)